000
00318nam a22001337a 4500
008
170321b xxu||||| |||| 00| 0 eng d
020
_a
2800781778543
041
_a
eng
080
_2
3RD
_a
616.12-008-073
100
_a
7
101
_a
SHM
245
_a
MANUAL OF CARDIOVASCULAR MEDICINE
_c
GRIFFIN, B.P
942
_2
udc
_c
BK
999
_c
8216
_d
8216